MARC

LEADER 00000nas a2200000 a 4500
001 ssj0007051
003 WaSeSS
005 20200512172242.0
006 m d
007 cr n
008 000726c19889999enkfr pss 0 0eng c
010 |a  2005256023 
015 |a GBB629154  |2 bnb 
016 7 |a 014342879  |2 Uk 
016 7 |a 2068866-0  |2 DE-600 
022 |a 1745-1043  |l 0893-4215  |y 0893-4215 
035 |a (WaSeSS)ssj0007051 
040 |a UV$  |b eng  |c UV$  |d OCL  |d OCLCQ  |d RBN  |d OCL  |d MUQ  |d OCLCQ  |d UKMGB  |d OCLCQ  |d OCLCF  |d OCLCQ  |d NLE  |d DLC  |d AU@  |d AUD  |d DLC  |d SFB  |d WaSeSS 
042 |a pcc 
050 0 0 |a P91.3 
060 0 0 |a W1  |b CO4273G 
082 0 4 |a 001 
130 0 |a Communication reports (Pullman, Wash. : Online) 
245 1 0 |a Communication reports  |h [electronic resource]. 
260 |a London ;  |a New York :  |b Taylor & Francis Group 
310 |a Semiannual 
362 1 |a Print began with vol. 1, no. 1 (winter 1988). 
506 |a License restrictions may limit access. 
538 |a Mode of access: World Wide Web. 
588 |a Description based on: print version record; title from cover. 
588 |a Latest issue consulted: Vol. 31, issue 2 (2018) (Taylor & Francis Online viewed May 31, 2018). 
650 0 |a Communication  |x Research  |v Periodicals. 
650 0 |a Communication  |x Methodology  |v Periodicals. 
650 6 |a Communication  |x Recherche  |v Périodiques. 
650 6 |a Communication  |x Méthodologie  |v Périodiques. 
650 7 |a Communication  |x Methodology.  |2 fast  |0 (OCoLC)fst00869976 
650 7 |a Communication  |x Research.  |2 fast  |0 (OCoLC)fst00870003 
655 0 |a Electronic journals. 
776 1 |t Communication reports (Pullman, Wash.)  |x 0893-4215  |w (DLC)sn 87004215  |w (OCoLC)15513023 
850 |a DLC 
856 4 0 |z Full text available from Research Library: 01/01/1998 to 04/30/2005  |u https://search.proquest.com/publication/21770